| 000 | 00609nam a2200205 a 4500 | ||
|---|---|---|---|
| 005 | 20210223122026.0 | ||
| 008 | 991125s1985 mx 000 0 spa u | ||
| 035 | _aUPN01000028129 | ||
| 049 | _aCG | ||
| 050 | 4 |
_aLC5309 U6 _bH5133 1985 |
|
| 245 | 0 | 0 |
_aHistoria de las ideas I : _bt. 3 : antología de textos |
| 260 |
_aMéxico : _bUPN, _c1985. |
||
| 300 | _a147 p. | ||
| 500 | _a"Secretaría Académica" | ||
| 500 | _a"Coordinación General del SEAD" | ||
| 500 | _a"Especialización en Educación a Distancia" | ||
| 650 | 4 |
_aCIVILIZACION ANTIGUA _910729 |
|
| 650 | 4 |
_aFEUDALISMO _920762 |
|
| 905 | _aLibro | ||
| 999 |
_c28129 _d28129 |
||